| 000 | 01424nac a22003851u 4500 | ||
|---|---|---|---|
| 999 |
_c804 _d804 |
||
| 003 | EG-ScBUE | ||
| 005 | 20210613121410.0 | ||
| 006 | m||||fq||h 00| 0 | ||
| 008 | 081105t2006 nyua f b 001 0 eng d | ||
| 020 | _a9780071117203 | ||
| 020 | _a97800711115667 | ||
| 020 | _a0071115668 | ||
| 020 | _a0071117202 | ||
| 040 |
_aEG-ScBUE _beng _erda _cEG-ScBUE _dEG-ScBUE |
||
| 082 | 0 | 4 |
_a620.106 _bCEN _222 |
| 100 | 1 |
_aCengel, Yunus A., _eauthor. _926329 |
|
| 245 | 1 | 0 |
_aFluid mechanics : _bfundamentals and applications / _cYunus A. Cengel, Department of Mechanical Engineering, University of Nevada, Reno, John M. Cimbala, Department of Mechanical and Nuclear Engineering, the Pennsylvania State University. |
| 264 | 1 |
_aNew York, NY : _bMcGraw-Hill, Higher Education, _c[2006] |
|
| 264 | 4 | _cc2006 | |
| 300 |
_axxv, 956 pages : _billustrations ; _c26 cm. + _e1 DVD |
||
| 336 |
_2rdacontent _atext _btxt |
||
| 336 |
_2rdacontent _aspoken word _bspw |
||
| 337 |
_2rdamedia _aunmediated _bn |
||
| 337 |
_2rdamedia _avideo _bv |
||
| 338 |
_2rdacarrier _avolume _bnc |
||
| 338 |
_2rdacarrier _acomputer disc _bcd |
||
| 504 | _aIncludes bibliographical references and index. | ||
| 650 | 7 |
_aFluid dynamics. _2BUEsh |
|
| 650 | 7 |
_aFluid mechanics. _2BUEsh |
|
| 651 | _2BUEsh | ||
| 653 |
_bENGMEC _cJune2021 |
||
| 655 |
_vReading book _934232 |
||
| 700 | 1 |
_aCimbala, John M., _eauthor. _926330 |
|
| 942 |
_cBB _k620.106 CEN _2ddc |
||